Beiträge zur Kenntniss der Kreideflora Australiens /

Bibliographic Details
Main Author: Ettingschausen, Constantin, Freiherr, von, 1826-1897
Format: Book
Language:German
Published: Wien : K.K. Hof- und Staatsdruckerei, 1895.
Subjects:

MARC

Tag First Indicator Second Indicator Subfields
LEADER 00000cam a22000007 4500
001 in00000014107
005 20151007052136.0
008 790411s1895 au af b 00010 ger d
035 |a (OCoLC)04846414 
035 |9 AAA6457AM 
040 |a COO  |c COO  |d TXA  |d UtOrBLW 
049 |a TXAM  |c [A12569318] 
050 4 |a QE948.A1  |b E87 1895 
100 1 |a Ettingschausen, Constantin,  |c Freiherr, von,  |d 1826-1897. 
245 1 0 |a Beiträge zur Kenntniss der Kreideflora Australiens /  |c von Constantin Freih. v. Ettingshausen. 
264 1 |a Wien :  |b K.K. Hof- und Staatsdruckerei,  |c 1895. 
300 |a 56 pages, 4 unnumbered leaves of plates :  |b illustrations ;  |c 29 cm. 
336 |a text  |b txt  |2 rdacontent 
337 |a unmediated  |b n  |2 rdamedia 
338 |a volume  |b nc  |2 rdacarrier 
504 |a Includes bibliographical references. 
500 |a "Besonders abgedruckt aus dem LXII. der Denkschriften der Mathematisch-Naturwissenschaftlichen Classe der Kaiserlichen Akademie der Wissenschaften." 
650 0 |a Paleobotany  |z Australia. 
999 |a MARS 
999 f f |s fca2e384-d6fe-37a0-9696-2e28d7840b65  |i 6d688218-06b7-3e24-a69e-4ec2eece7ea0  |t 0 
952 f f |p ric  |a Texas A&M University  |b Rellis Campus  |c Joint Library Facility  |d Remote Storage  |t 0  |e QE948.A1 E87 1895  |h Library of Congress classification  |i unmediated -- volume  |m A14812569318 
998 f f |a QE948.A1 E87 1895  |t 0  |l Remote Storage